[Event "Serpiano op"]
[White "Panizza, Daniele"]
[Black "Wicht, Denis"]
[Site "Serpiano"]
[Round "2"]
[Result "1/2-1/2"]
[Date "2022.04.02"]
[WhiteElo "1381"]
[BlackElo "1721"]
[PlyCount "56"]
[EventDate "2022.04.01"]
[EventType "swiss"]
[EventRounds "5"]
[EventCountry "SUI"]
[SourceTitle "CBM 207 Extra"]
[Source "ChessBase"]
[SourceDate "2022.05.31"]
[SourceVersion "1"]
[SourceVersionDate "2022.05.31"]
[SourceQuality "1"]

1. e4 e5 2. f4 d6 3. Nf3 Bg4 4. Bc4 Qd7 5. fxe5 dxe5 6. 0-0 Bc5+ 7. Kh1 Nc6 8. d3 f6 9. Bxg8 Rxg8 10. Nc3 0-0-0 11. Nd5 Nd4 12. Ne3 Bh5 13. Qe1 Nxf3 14. gxf3 g5 15. Nf5 Bg6 16. Nh6 Rh8 17. Bd2 Qg7 18. Ng4 h5 19. Ne3 c6 20. a3 Qd7 21. Ba5 Bb6 22. Bxb6 axb6 23. Nc4 Kc7 24. Qb4 Bf7 25. Nxb6 Qd6 26. Qa5 Kb8 27. Qa8+ Kc7 28. Qa5 Kb8 1/2-1/2